Gilmore Girls Number Quiz - Statistics

General Stats
  • This quiz has been taken 176 times
  • The average score is 5 of 11
Answer Stats
Question Answer % Correct
How many times did Rory and Dean break up? 3
85%
How many coffees did Lorelai accidentally order at Weston’s? 3
76%
What days did the Dragonfly Inn have for its first reservation? May 8/9
58%
How long was the dance marathon break? 10 minutes
55%
How many times has Mrs. Kim read the Bible in one night? 3
55%
How old was Keiko Agena when Rory was 15/16/17? 27
45%
How many shelves do Paris and Rory have on their door wall? 4
36%
What were the last 4 numbers of the person on the phone that booked the Dragonfly’s first reservation? 7873
36%
What was the number of couples that would be disqualified if they were behind the line in the run of the dance marathon episode? 5
33%
What number jersey does Janet’s boyfriend have? 27
24%
How long was Tana melting metal in the dorm before Rory stopped her? 3 hours
21%
No matching quizzes found
Score Distribution
Percent of People with Each Score
Percentile by Number Answered
Your Score History
You have not taken this quiz